La imagen fija.

Furkejuvvon:
Bibliográfalaš dieđut
Váldodahkki: Joly, Martine (autora)
Materiálatiipa: Girji
Giella:espánnjágiella
Almmustuhtton: Buenos Aires, Argentina: La Marca, 2003.
Preanttus:Primera edición en español.
Ráidu:Biblioteca de la Mirada
Fáttát:
Fáddágilkorat: Lasit fáddágilkoriid
Eai fáddágilkorat, Lasit vuosttaš fáddágilkora!

MARC

LEADER 00000cam a2200000 a 4500
001 UCF2526
003 CL-VaPUC
005 20250321101909.0
008 120824t20030000AG |||||||||||||||||spa|d
999 |c 349082  |d 349080 
020 |a 978-950-889-059-7 
040 |c Pontificia Universidad Católica de Valparaíso 
082 0 4 |a 401.41 JOL 2003  |2 21 
100 |a Joly, Martine  |e autora  |9 575350 
245 1 3 |a La imagen fija. 
250 |a Primera edición en español. 
260 |a Buenos Aires, Argentina:  |b La Marca,  |c 2003. 
300 |a 206 páginas. 
490 0 |a Biblioteca de la Mirada 
500 |a c.3-c.5. Instituto Arcos.08-01-2025. 
583 |a last modification  |c 20120824 12:41:00  |k Rodrigo Vera 
650 0 |a Semiótica y arte  |9 564212 
650 0 |a Comunicación visual   |9 265349  |x Imagen 
650 0 |a Filosofía del arte  |9 264951 
942 |c BK  |2 ddc  |n 0 
945 |d 20120824 00:00:00  |a dcastane 
952 |0 0  |1 0  |4 0  |6 401_410000000000000_JOL_2003  |7 0  |8 A  |9 451475  |a BIBART  |b BIBART  |d 2019-11-22  |i 4897064  |o 401.41 JOL 2003  |p 4897064  |r 2025-03-13  |w 2019-11-22  |y BK  |k ART 
952 |0 0  |1 0  |3 erb  |4 0  |6 401_410000000000000_JOL_2003  |7 0  |8 A  |9 451476  |a BIBARQ  |b BIBARQ  |i 5092116  |o 401.41 JOL 2003  |p 5092116  |r 2025-01-20  |w 2019-11-22  |y BK  |z Catalogado en:20140724  |k ARQ 
952 |0 0  |1 0  |2 ddc  |4 0  |6 401_410000000000000_JOL_2003  |7 0  |8 A  |9 600470  |a BIBINC  |b BIBINC  |d 2025-02-21  |e Instituto Arcos  |i 5665370  |o 401.41 JOL 2003  |p 5665370  |r 2025-02-21  |t 3  |w 2025-02-21  |y BK  |k IFP 
952 |0 0  |1 0  |2 ddc  |4 0  |6 401_410000000000000_JOL_2003  |7 0  |8 A  |9 600471  |a BIBINC  |b BIBINC  |d 2025-02-21  |e Instituto Arcos  |i 5665372  |o 401.41 JOL 2003  |p 5665372  |r 2025-02-21  |t 5  |w 2025-02-21  |y BK  |k IFP 
952 |0 0  |1 0  |2 ddc  |4 0  |6 401_410000000000000_JOL_2003  |7 0  |8 A  |9 600472  |a BIBINC  |b BIBINC  |d 2025-02-21  |e Instituto Arcos  |i 5665371  |o 401.41 JOL 2003  |p 5665371  |r 2025-02-21  |t 4  |w 2025-02-21  |y BK  |k IFP